000 00589nam a22001817a 4500
005 20230127083127.0
008 230127b |||||||| |||| 00| 0 eng d
020 _a971-23-0433-7
082 _aG.S./Fil. 371.4 K17 1974
100 _aKapunan, Rocio Reyes
_eauthor
245 _aFundamentals of guidance and counseling /
_cRocio Reyes Kapunan
250 _arev. ed.
260 _aManila:
_bRex Book Store,
_cc1974.
300 _a[175]p.;
_bill.
541 _e1361 c.1, 1362 c.2, 1363 c.3, 1364 c.4, 3997 c.5, 3998 c.6
650 _aEducational counseling
650 _aVocational guidance
999 _c724
_d724